[Event "GER Cup Net Final-B U2000"]
[Site "Playchess.com INT"]
[Date "2020.06.06"]
[Round "3"]
[White "Lerch, Martin Erik"]
[Black "Voigt, Detlev"]
[Result "1-0"]
[WhiteElo "1931"]
[BlackElo "1734"]
[PlyCount "61"]
[EventDate "2020.06.06"]
[EventType "swiss (blitz)"]
[EventRounds "13"]
[EventCountry "GER"]
[SourceTitle "CBM 197 Extra"]
[Source "ChessBase"]
[SourceDate "2020.09.30"]
[SourceVersion "1"]
[SourceVersionDate "2020.09.30"]
[SourceQuality "1"]

1. e4 c6 2. d4 d5 3. exd5 cxd5 4. Bd3 b6 5. Nf3 Ba6 6. Bf4 Bxd3 7. Qxd3 Nf6 8. Nbd2 e6 9. 0-0 Be7 10. Rae1 0-0 11. Ne5 Qc8 12. c3 Nbd7 13. Bg5 h6 14. Bxf6 Bxf6 15. f4 Qc7 16. g4 Bh4 17. Qh3 Bxe1 18. Rxe1 Nxe5 19. fxe5 Qe7 20. Nf3 f5 21. g5 hxg5 22. Qh5 Rae8 23. Nxg5 g6 24. Qxg6+ Qg7 25. Qh5 f4 26. Kf2 Re7 27. Rg1 Rf5 28. Qh4 Kf8 29. Nxe6+ Rxe6 30. Rxg7 Kxg7 31. Qg4+ 1-0

[Event "GER Cup Net Final-B U2000"]
[Site "Playchess.com INT"]
[Date "2020.06.06"]
[Round "4"]
[White "Voigt, Detlev"]
[Black "Powalla, Christian"]
[Result "0-1"]
[WhiteElo "1734"]
[BlackElo "1714"]
[PlyCount "90"]
[EventDate "2020.06.06"]
[EventType "swiss (blitz)"]
[EventRounds "13"]
[EventCountry "GER"]
[SourceTitle "CBM 197 Extra"]
[Source "ChessBase"]
[SourceDate "2020.09.30"]
[SourceVersion "1"]
[SourceVersionDate "2020.09.30"]
[SourceQuality "1"]

1. c4 e5 2. Nc3 Nf6 3. Nf3 Nc6 4. e3 d5 5. cxd5 Nxd5 6. Nxd5 Qxd5 7. a3 Be7 8. Qc2 0-0 9. Bc4 Qd6 10. b4 a6 11. Bb2 b5 12. Bb3 Be6 13. Bxe6 Qxe6 14. Rc1 Nd8 15. Nxe5 Bd6 16. d4 f6 17. Nc6 Nxc6 18. Qxc6 Qg4 19. 0-0 Rfe8 20. h3 Qg6 21. Qf3 Re6 22. d5 Re7 23. Rc6 a5 24. Rfc1 axb4 25. axb4 Ra2 26. Bd4 Bxb4 27. Rxc7 Rxc7 28. Rxc7 Qb1+ 29. Kh2 Bd6+ 30. g3 Bxc7 31. d6 Bxd6 32. Qd5+ Kh8 33. Kg2 Bf8 34. Qf7 Ra8 35. h4 Qe4+ 36. Kh2 Qf3 37. h5 Qxf2+ 38. Kh3 Qf5+ 39. g4 Qf3+ 40. Kh4 Qf2+ 41. Kh3 Qf1+ 42. Kh4 Qh1+ 43. Kg3 Qg1+ 44. Kh3 Qf1+ 45. Kh4 h6 0-1

[Event "GER Cup Net V4 U2000"]
[Site "Playchess.com INT"]
[Date "2020.05.31"]
[Round "7"]
[White "Dietrich, Leif"]
[Black "Voigt, Detlev"]
[Result "1-0"]
[WhiteElo "1732"]
[BlackElo "1711"]
[PlyCount "62"]
[EventDate "2020.05.31"]
[EventType "swiss (blitz)"]
[EventRounds "9"]
[EventCountry "GER"]
[SourceTitle "EXT 2021"]
[Source "ChessBase"]
[SourceDate "2020.10.23"]
[SourceVersion "1"]
[SourceVersionDate "2020.10.23"]
[SourceQuality "1"]

1. e4 c6 2. Nc3 d5 3. Qe2 dxe4 4. Nxe4 e6 5. Nf3 Nf6 6. d4 Nbd7 7. c3 Nxe4 8. Qxe4 Nf6 9. Qc2 Be7 10. Bd3 0-0 11. Bg5 g6 12. h4 Nh5 13. Bh6 Re8 14. g4 Ng7 15. h5 f5 16. hxg6 hxg6 17. Ne5 Bg5 18. Bxg5 Qxg5 19. Qd2 Qxd2+ 20. Kxd2 fxg4 21. Nxg6 Nf5 22. Rh8+ Kf7 23. Ne5+ Ke7 24. Rh7+ Kd6 25. Nxg4 Bd7 26. Ne5 Re7 27. Rah1 Rxh7 28. Rxh7 Rd8 29. Nf7+ Ke7 30. Nxd8+ Kxd8 31. Bxf5 exf5 1-0

[Event "GER Cup Net V4 U2000"]
[Site "Playchess.com INT"]
[Date "2020.05.31"]
[Round "4"]
[White "Voigt, Detlev"]
[Black "Schulz, Gerhard1111"]
[Result "1-0"]
[WhiteElo "1713"]
[BlackElo "1382"]
[PlyCount "63"]
[EventDate "2020.05.31"]
[EventType "swiss (blitz)"]
[EventRounds "9"]
[EventCountry "GER"]
[SourceTitle "EXT 2021"]
[Source "ChessBase"]
[SourceDate "2020.10.23"]
[SourceVersion "1"]
[SourceVersionDate "2020.10.23"]
[SourceQuality "1"]

1. c4 Nf6 2. Nc3 d5 3. cxd5 Nxd5 4. Nf3 Nc6 5. g3 e5 6. Bg2 Be6 7. 0-0 Be7 8. d3 Nb6 9. a3 a5 10. Bd2 0-0 11. Rc1 f5 12. e4 Qxd3 13. exf5 Bxf5 14. Be3 Qxd1 15. Rfxd1 Nc4 16. Nd5 Bd6 17. Rxc4 e4 18. Nh4 Bg4 19. Rd2 Ne5 20. Bxe4 Nxc4 21. Ne7+ Bxe7 22. Bd5+ Kh8 23. Bxc4 Bxh4 24. gxh4 Bf3 25. h3 Rad8 26. Rxd8 Rxd8 27. Kh2 Rd7 28. Kg3 Bc6 29. h5 Re7 30. h6 b5 31. Ba2 Be8 32. Bd4 1-0

[Event "GER Cup Net V3 U2000"]
[Site "Playchess.com INT"]
[Date "2020.05.27"]
[Round "9"]
[White "Bendrich, Thorsten"]
[Black "Voigt, Detlev"]
[Result "0-1"]
[WhiteElo "1715"]
[BlackElo "1649"]
[PlyCount "88"]
[EventDate "2020.05.27"]
[EventType "swiss (blitz)"]
[EventRounds "9"]
[EventCountry "GER"]
[SourceTitle "EXT 2021"]
[Source "ChessBase"]
[SourceDate "2020.10.23"]
[SourceVersion "1"]
[SourceVersionDate "2020.10.23"]
[SourceQuality "1"]

1. Nc3 d5 2. e4 d4 3. Nce2 c5 4. Ng3 Nc6 5. Bc4 g6 6. d3 Bg7 7. f4 e6 8. Nf3 Nge7 9. 0-0 0-0 10. Qe1 a6 11. a4 Na5 12. Ba2 b5 13. axb5 axb5 14. Bd2 Nac6 15. Bb3 Bb7 16. Ng5 Rxa1 17. Qxa1 Qd7 18. Qe1 h6 19. Nf3 Nc8 20. Ne5 Nxe5 21. fxe5 Bxe5 22. Bxh6 Bg7 23. Bxg7 Kxg7 24. Qf2 f6 25. Ne2 e5 26. Qg3 Ne7 27. h4 Bc8 28. Qf3 Qg4 29. g3 Qxf3 30. Rxf3 Bg4 31. Rf2 Ra8 32. c3 Ra1+ 33. Kg2 Rb1 34. cxd4 exd4 35. Ng1 Nc6 36. Bd5 Ne5 37. Nh3 Nxd3 38. Rd2 Rxb2 39. Rxb2 Nxb2 40. Nf4 d3 41. Kf2 d2 42. Bb3 c4 43. Bc2 b4 44. Ne2 b3 0-1

[Event "GER Cup Net V3 U2000"]
[Site "Playchess.com INT"]
[Date "2020.05.27"]
[Round "6"]
[White "Kakoschke, Dieter"]
[Black "Voigt, Detlev"]
[Result "0-1"]
[WhiteElo "1840"]
[BlackElo "1649"]
[PlyCount "82"]
[EventDate "2020.05.27"]
[EventType "swiss (blitz)"]
[EventRounds "9"]
[EventCountry "GER"]
[SourceTitle "EXT 2021"]
[Source "ChessBase"]
[SourceDate "2020.10.23"]
[SourceVersion "1"]
[SourceVersionDate "2020.10.23"]
[SourceQuality "1"]

1. e4 c6 2. d4 d5 3. Nd2 dxe4 4. Nxe4 Bf5 5. Ng3 Bg6 6. Nh3 h6 7. c3 e6 8. Bd3 Bxd3 9. Qxd3 Nf6 10. 0-0 Be7 11. Bf4 0-0 12. Rfe1 Nbd7 13. Rad1 Nb6 14. c4 c5 15. b3 cxd4 16. Qxd4 Qxd4 17. Rxd4 Bc5 18. Rd3 Rad8 19. Red1 Rxd3 20. Rxd3 Re8 21. Be5 Nfd7 22. Bc3 f6 23. Nf4 Kf7 24. Kf1 g5 25. Nfe2 f5 26. Nd4 Ne5 27. Rd2 Rd8 28. f3 Nexc4 29. bxc4 Nxc4 30. Rd3 e5 31. Ngxf5 exd4 32. Nxd4 Bxd4 33. Rxd4 Rxd4 34. Bxd4 a6 35. Ke2 Ke6 36. Kd3 Kd5 37. g4 Ne5+ 38. Ke3 Nxf3 39. Bg7 Nxh2 40. Bxh6 Nxg4+ 41. Kd2 Nxh6 0-1

[Event "GER Cup Net V2 U2000"]
[Site "Playchess.com INT"]
[Date "2020.05.22"]
[Round "4"]
[White "Fabregas, Oliver"]
[Black "Voigt, Detlev"]
[Result "1-0"]
[WhiteElo "1869"]
[BlackElo "1681"]
[PlyCount "89"]
[EventDate "2020.05.22"]
[EventType "swiss (blitz)"]
[EventRounds "9"]
[EventCountry "GER"]
[SourceTitle "EXT 2021"]
[Source "ChessBase"]
[SourceDate "2020.10.23"]
[SourceVersion "1"]
[SourceVersionDate "2020.10.23"]
[SourceQuality "1"]

1. Nf3 d5 2. g3 c6 3. Bg2 Bg4 4. h3 Bxf3 5. exf3 g6 6. 0-0 Bg7 7. Re1 e6 8. f4 Ne7 9. c3 0-0 10. d4 Nd7 11. Nd2 Rc8 12. g4 c5 13. Nf3 cxd4 14. Nxd4 Nc6 15. Be3 Nb6 16. Nb3 Nc4 17. Qe2 b6 18. Rad1 Qc7 19. Bc1 N6a5 20. Nd4 Nc6 21. Nb5 Qe7 22. Bxd5 exd5 23. Qxe7 Nxe7 24. Rxe7 a6 25. Nd4 Bf6 26. Rd7 Rfd8 27. Rxd8+ Rxd8 28. b3 Nd6 29. f3 Nb5 30. Nxb5 axb5 31. Be3 Bxc3 32. Bxb6 Rb8 33. Bd4 b4 34. Kf2 Ra8 35. Bxc3 bxc3 36. Rxd5 Rxa2+ 37. Ke3 c2 38. Rc5 Ra3 39. Rxc2 Rxb3+ 40. Kf2 Kg7 41. Kg3 Ra3 42. h4 Rb3 43. Rc7 Ra3 44. g5 Rc3 45. Rxc3 1-0

[Event "MVP-ch Seniors op 18th"]
[Site "Ostseebad Binz"]
[Date "2018.12.06"]
[Round "9"]
[White "Voigt, Detlev"]
[Black "Moews, Harald"]
[Result "1-0"]
[WhiteElo "1934"]
[BlackElo "1726"]
[PlyCount "65"]
[EventDate "2018.11.28"]
[EventType "swiss"]
[EventRounds "9"]
[EventCountry "GER"]
[SourceTitle "CBM 188 Extra"]
[Source "ChessBase"]
[SourceDate "2019.02.26"]
[SourceVersion "1"]
[SourceVersionDate "2019.02.26"]
[SourceQuality "1"]

1. d4 e6 2. c4 c6 3. e4 d6 4. Nc3 a6 5. f4 Be7 6. Nf3 Nd7 7. Bd3 b5 8. b3 Bb7 9. 0-0 Ngf6 10. e5 Ng4 11. Ne4 Qc7 12. Nfg5 Nh6 13. Qh5 0-0 14. exd6 Bxd6 15. Nxd6 Nf6 16. Bxh7+ Nxh7 17. Nxh7 Qxd6 18. Nf6+ gxf6 19. Bb2 Nf5 20. Rf3 Ng7 21. Qh6 Nf5 22. Qh5 Ng7 23. Qh6 Nf5 24. Qxf6 Qe7 25. Rg3+ Nxg3 26. Qxe7 Ne2+ 27. Kf2 Nxf4 28. Qg5+ Ng6 29. d5 Kh7 30. Bf6 Rh8 31. dxe6 fxe6 32. Rd1 Raf8 33. Rd7+ 1-0

[Event "MVP-ch Seniors op 18th"]
[Site "Ostseebad Binz"]
[Date "2018.12.04"]
[Round "7"]
[White "Voigt, Detlev"]
[Black "Walther, Reinhard"]
[Result "1/2-1/2"]
[WhiteElo "1934"]
[BlackElo "2034"]
[PlyCount "81"]
[EventDate "2018.11.28"]
[EventType "swiss"]
[EventRounds "9"]
[EventCountry "GER"]
[SourceTitle "CBM 188 Extra"]
[Source "ChessBase"]
[SourceDate "2019.02.26"]
[SourceVersion "1"]
[SourceVersionDate "2019.02.26"]
[SourceQuality "1"]

1. d4 d6 2. c4 Nf6 3. Nc3 Nbd7 4. Nf3 e5 5. e4 Be7 6. Be2 exd4 7. Nxd4 Nc5 8. f3 0-0 9. 0-0 c6 10. Be3 Re8 11. b4 Ne6 12. Nf5 Bf8 13. Rb1 Qc7 14. Bf2 g6 15. Ne3 Nf4 16. Bd3 Nxd3 17. Qxd3 Be6 18. Rfc1 Nh5 19. Ne2 Qe7 20. Rd1 Rad8 21. a4 b6 22. a5 Qb7 23. axb6 axb6 24. b5 c5 25. Nd5 f5 26. Bh4 Ra8 27. Nef4 Nxf4 28. Nxf4 fxe4 29. fxe4 Bf7 30. Re1 Ra4 31. Nd5 Bg7 32. Rbc1 Bd4+ 33. Kh1 Rea8 34. Qd2 Ra2 35. Qh6 Bxd5 36. exd5 Qg7 37. Qxg7+ Bxg7 38. Bg3 Bf8 39. Re6 Ra1 40. Rxa1 Rxa1+ 41. Re1 1/2-1/2

[Event "MVP-ch Seniors op 18th"]
[Site "Ostseebad Binz"]
[Date "2018.11.29"]
[Round "2"]
[White "Jung, Werner"]
[Black "Voigt, Detlev"]
[Result "1/2-1/2"]
[WhiteElo "2044"]
[BlackElo "1934"]
[PlyCount "48"]
[EventDate "2018.11.28"]
[EventType "swiss"]
[EventRounds "9"]
[EventCountry "GER"]
[SourceTitle "CBM 188 Extra"]
[Source "ChessBase"]
[SourceDate "2019.02.26"]
[SourceVersion "1"]
[SourceVersionDate "2019.02.26"]
[SourceQuality "1"]

1. e4 c5 2. Nf3 e6 3. d4 cxd4 4. Nxd4 Nc6 5. Nc3 Qc7 6. Be3 a6 7. Qf3 Nf6 8. 0-0-0 Be7 9. Kb1 b5 10. e5 Bb7 11. exf6 Nxd4 12. fxg7 Rg8 13. Qg4 Nf5 14. Bf4 Qc5 15. Qe2 Rxg7 16. Ne4 Qc6 17. f3 d5 18. Ng3 Nd6 19. Qe5 Rg8 20. Bd3 Nc4 21. Qh5 Bf6 22. Bc1 Na3+ 23. Ka1 Nxc2+ 24. Kb1 Na3+ 1/2-1/2

[Event "MVP-ch Seniors op 18th"]
[Site "Ostseebad Binz"]
[Date "2018.11.28"]
[Round "1"]
[White "Voigt, Detlev"]
[Black "Neldner, Frank"]
[Result "1-0"]
[WhiteElo "1934"]
[BlackElo "1539"]
[PlyCount "73"]
[EventDate "2018.11.28"]
[EventType "swiss"]
[EventRounds "9"]
[EventCountry "GER"]
[SourceTitle "CBM 188 Extra"]
[Source "ChessBase"]
[SourceDate "2019.02.26"]
[SourceVersion "1"]
[SourceVersionDate "2019.02.26"]
[SourceQuality "1"]

1. d4 e6 2. c4 b6 3. Nf3 Bb7 4. g3 g6 5. Bg2 Bg7 6. 0-0 Nf6 7. Nc3 d6 8. Qc2 0-0 9. e4 Nbd7 10. Bg5 h6 11. Bf4 Nh5 12. Be3 e5 13. dxe5 Nxe5 14. Nxe5 dxe5 15. Rad1 Qe7 16. Nd5 Bxd5 17. exd5 Rad8 18. c5 Nf6 19. Qa4 a5 20. cxb6 cxb6 21. Bxb6 Rb8 22. d6 Qe6 23. Qxa5 e4 24. b3 Nd7 25. Bc7 Ra8 26. Qd5 Rxa2 27. Qxe6 fxe6 28. Bxe4 Kh7 29. b4 Rb2 30. b5 Rf7 31. Bc6 Be5 32. f4 Bc3 33. Rf2 Rb4 34. Re2 Bd4+ 35. Kg2 e5 36. Bxd7 Rxd7 37. fxe5 1-0

[Event "Hamburg-ch Seniors 50+"]
[Site "Hamburg"]
[Date "2018.10.28"]
[Round "7"]
[White "Voigt, Detlev"]
[Black "Luebeck, Stephan"]
[Result "1/2-1/2"]
[WhiteElo "1949"]
[BlackElo "1987"]
[PlyCount "50"]
[EventDate "2018.10.23"]
[EventType "swiss"]
[EventRounds "7"]
[EventCountry "GER"]
[SourceTitle "CBM 190 Extra"]
[Source "ChessBase"]
[SourceDate "2019.07.15"]
[SourceVersion "1"]
[SourceVersionDate "2019.07.15"]
[SourceQuality "1"]

1. d4 g6 2. c4 Bg7 3. Nc3 d6 4. g3 Nc6 5. e3 e5 6. d5 Nce7 7. Bg2 f5 8. e4 Nf6 9. Nge2 0-0 10. 0-0 fxe4 11. Nxe4 Nxe4 12. Bxe4 Bh3 13. Bg2 Bxg2 14. Kxg2 Qd7 15. Nc3 Nf5 16. Ne4 Nd4 17. Be3 Qf5 18. f3 h6 19. Bxd4 exd4 20. Qd3 Rae8 21. Rae1 Re7 22. Nf2 Ref7 23. Qxf5 Rxf5 24. Nd3 g5 25. Re7 R8f7 1/2-1/2

[Event "Hamburg-ch Seniors 50+"]
[Site "Hamburg"]
[Date "2018.10.26"]
[Round "4"]
[White "Voigt, Detlev"]
[Black "Olschok, Juergen"]
[Result "1-0"]
[WhiteElo "1949"]
[BlackElo "1800"]
[PlyCount "91"]
[EventDate "2018.10.23"]
[EventType "swiss"]
[EventRounds "7"]
[EventCountry "GER"]
[SourceTitle "CBM 190 Extra"]
[Source "ChessBase"]
[SourceDate "2019.07.15"]
[SourceVersion "1"]
[SourceVersionDate "2019.07.15"]
[SourceQuality "1"]

1. d4 Nf6 2. Nf3 c5 3. c3 e6 4. g3 d5 5. Bg2 Nc6 6. 0-0 Bd6 7. b3 cxd4 8. cxd4 Bd7 9. Bb2 Rc8 10. Nc3 0-0 11. a3 Na5 12. Nd2 Qe7 13. e4 dxe4 14. Ndxe4 Nxe4 15. Nxe4 Bc6 16. Nxd6 Qxd6 17. Bxc6 Nxc6 18. Qg4 Qd5 19. b4 Ne7 20. Rac1 b6 21. Qe2 Ng6 22. Qa6 Qd7 23. d5 exd5 24. Rfd1 Rxc1 25. Rxc1 Rd8 26. Rd1 f6 27. a4 Ne5 28. a5 Nf3+ 29. Kg2 Ng5 30. Qd3 bxa5 31. bxa5 Qh3+ 32. Kg1 Qe6 33. h4 Nf7 34. Bd4 a6 35. Bb6 Ne5 36. Qb3 Rd6 37. Kg2 Nc4 38. Bc5 Qe4+ 39. f3 Qe2+ 40. Kh3 Qe6+ 41. g4 Rd8 42. Qc3 Qc6 43. Bd4 Ne5 44. Bxe5 Qxc3 45. Bxc3 Kf7 46. Bd4 1-0